| 000 | 01250nam a2200253Ia 4500 | ||
|---|---|---|---|
| 999 |
_c36360 _d36360 |
||
| 001 | 2272 | ||
| 003 | GE_BSU | ||
| 005 | 20190502120124.0 | ||
| 008 | 181216s2007||||ge |||||||||||||| ||geo|| | ||
| 020 | _a9992803835 | ||
| 040 | _cGE_BSU | ||
| 041 | _ageo | ||
| 080 | _a811.124'373.46+61(038) გ-47 | ||
| 100 |
_aგიგოლაევა, ნელი _9641 |
||
| 245 |
_aსამედიცინო ლათინური ენა : _bსამედიცინო უმაღლესი სასწავლებლებისათვის / _cნელი გიგოლაევა, რუსუდან გიორგობიანი, ნანა სირაძე. |
||
| 250 |
_a4 – ე გადამუშავებული გამოცემა. _bსახელმძღვანელო |
||
| 264 |
_aთბილისი : _bსახ. სამედ. უნ – ტი, _c2007. |
||
| 300 |
_a548 გვ.; _b19 სმ. |
||
| 653 | _aმედიცინა | ||
| 653 | _aლათინური ენა | ||
| 700 |
_aგიორგობიანი, რუსუდან _eავტორი _9642 |
||
| 700 |
_aსირაძე, ნანა _eავტორი _9643 |
||
| 942 |
_cBK _2udc |
||